FAO workshop on vulnerable ecosystems and destructive fishing in deep-sea fisheries : Rome, 26-29 June 2007
FAO Workshop on Vulnerable Ecosystems and Destructive Fishing in deep-sea fisheries examined available information on national, institutional personal experiences in ralation to this issue. Relevant ecological aspects were reviewed and suggestions as how to consider these issues in terms of Internat...
Na minha lista:
| Autor Corporativo: | |
|---|---|
| Formato: | Livro |
| Idioma: | Undetermined |
| Publicado em: |
Rome
Food and Agriculture Oganization of United Nations
2008
|
| Assuntos: | |
| Tags: |
Adicionar Tag
Sem tags, seja o primeiro a adicionar uma tag!
|
| Thư viện lưu trữ: | Trung tâm Học liệu Trường Đại học Cần Thơ |
|---|
| LEADER | 01171nam a2200205Ia 4500 | ||
|---|---|---|---|
| 001 | CTU_172937 | ||
| 008 | 210402s9999 xx 000 0 und d | ||
| 082 | |a 333.956137 | ||
| 082 | |b F686/N.829 | ||
| 110 | |a Food and Agriculture Oganization of United Nations | ||
| 245 | 0 | |a FAO workshop on vulnerable ecosystems and destructive fishing in deep-sea fisheries : | |
| 245 | 0 | |b Rome, 26-29 June 2007 | |
| 245 | 0 | |c Food and Agriculture Oganization of United Nations | |
| 260 | |a Rome | ||
| 260 | |b Food and Agriculture Oganization of United Nations | ||
| 260 | |c 2008 | ||
| 520 | |a FAO Workshop on Vulnerable Ecosystems and Destructive Fishing in deep-sea fisheries examined available information on national, institutional personal experiences in ralation to this issue. Relevant ecological aspects were reviewed and suggestions as how to consider these issues in terms of International Guidelines for the Management of Deep-sea Fisheries in the High Seas were disscused and documented. | ||
| 650 | |a Deep-sea fisheries,Ecosystems,Nghề cá biển sâu,Hệ sinh thái | ||
| 904 | |i Lan, K.Mi, Năm | ||
| 980 | |a Trung tâm Học liệu Trường Đại học Cần Thơ | ||